Geometry Dash Level Songs - Statistics

General Stats
  • This quiz has been taken 84 times
    82 since last reset
  • The average score is 17 of 25
Answer Stats
Level Song Artist % Correct
Bloodbath At The Speed Of Light Dimrain47
95%
Cataclysm At The Speed Of Light Dimrain47
86%
LIMBO Isolation Nighthawk 22
84%
Bloodlust At The Speed Of Light Dimrain47
82%
Acheron Thermodynamix DJ Nate
82%
Sonic Wave Sonic Blaster F-777
81%
Nine Circles Nine Circles NIGHTkilla
79%
Tartarus Clubstep DJ Nate
77%
The Nightmare Polargeist Step
77%
ISpyWithMyLittleEye Bike Tanger
75%
Zodiac Sphere Creo
75%
The Lightning Road Dry Out DJVI
73%
Black Blizzard Dimension Creo
67%
Slaughterhouse Lost Crim3s
67%
Tidal Wave Shiawase VIP Dion Timmer
63%
Decode Endgame Waterflame
60%
Artificial Ascent Surface Dimrain47
58%
Firework Classical VIP NIGHTkilla
56%
Acu Epilogue Creo
56%
ReTraY Golden Haze Detious
53%
Kyouki Crazy Creo
52%
Supersonic Ludicrous Speed F-777
49%
Abyss Of Darkness Death Note Dubstep ShadowBeatzInc
48%
KOCMOC KØCMOC Sleeping Hummingbird
48%
The Challenge Random Song 06 RobTop Games
36%
No matching quizzes found
Score Distribution
Percent of People with Each Score
Percentile by Number Answered
Your Score History
You have not taken this quiz since the last reset